000 01013nam a2200229Ia 4500
001 155.3-FRO gi ba (13506)
003 IT-MiSPE
008 171229s9999||||xx |||||||||||||| ||und||
040 _aIT-MiSPE
_cIT-MiSPE
041 _aITALIANO
100 _aGiacinto Froggio
245 0 _aBambino mio sognato
_bPsicologia e psicoterapia della sterilità
250 _a1a ed. (v)
260 _aCinisello B.mo
_bSan Paolo
_c2000
300 _a175 p.
_c21 cm
490 _aPsicologia
_v41
500 _aSterilità
501 _aEdizioni San Paolo srl - Piazza Soncino, 5 - 20092 CINISELLO BALSAMO (MI) (non commercial uses only) ® Copyright 2018
942 _cBK
957 _71
999 _a6465
_bNO
_g Copie: 1
_c337068
_d337068